00754nam a2200157Ia 4500008004100000020005500041040000800096082002000104100002800124245026000152260000900412264003700421942001300458952010800471999001700579231129s1997||||xx |||||||||||||| ||spa|| a958-20-0363-4  bspa a344.861046 C718 aColombia. [Leyes etc.] 0aSistema Nacional Ambiental: Ley 99 diciembre 1993 por la cual se crea el Ministerio del Medio Ambiente ; Decreto 1753 agosto 1994 del Ministerio del Medio Ambiente: Licencias ambientales; declaración de Rí­o sobre el medio ambiente y el desarrollo c1997 aCooperativa Editorial Magisterio 2ddccBKS 00102ddc4070aBRCbBRCd2009-07-09l0o344.861046 C718p9842r2023-11-29 21:30:22t1w2023-11-29yBK c24671d24671